000 00479nam a22001817a 4500
003 ARRUPE
005 20231116085938.0
008 231116b |||||||| |||| 00| 0 eng d
040 _cArrupe
050 _aE441
_b.D22
100 _aWermter, Oksar
_952349
245 _aChristians and citizens
_cOskar Wermter
260 _aHarare
_bRichartz House
_c2023
300 _aiv, 219p. ;
_c22cm.
650 _aChristains
_952350
650 _aCitizens
_952351
942 _2lcc
_cMONOGRAPH
999 _c131752
_d131752